000 00569nam a2200229Ia 4500
003 OSt
005 20220923220634.0
006 a|||||r|||| 00| 0
007 ta
008 220922b |||||||| |||| 00| 0 hin d
024 _a188,223
037 _cTextual
040 _aARTS
_cARTS
_bhin
041 _2hin
_ahin
082 _aV438, 152J8
100 _aसत्यापाल
_9156277
245 0 _aबर्मा
246 _aBarmā
260 _c1958
942 _hV438, 152J8
_cTEXL
_2CC
999 _c341299
_d341299